|
|
|
|
| LEADER |
00000nab a2200000 a 4500 |
| 001 |
vtls000330769 |
| 003 |
SK-MaSNL |
| 005 |
20260304015902.0 |
| 008 |
230223c1987 xo 0 slo |
| 015 |
|
|
|a SNBRB19rr/mm-uuuuu
|
| 035 |
|
|
|a CL0330891
|
| 035 |
|
|
|a urn:nbn:sk:snk-abdndg
|
| 035 |
|
|
|a (urnnbn)urn:nbn:sk:snk:ar-000o47
|
| 035 |
|
|
|a (uuid)4bc78101-3c94-421e-857c-d366b3b5b090
|
| 040 |
|
|
|a SNKBUCL
|b slo
|c SNKBUCL
|e AACR2
|
| 041 |
0 |
|
|a slo
|
| 044 |
|
|
|a xo
|c SK
|
| 080 |
|
|
|a 725.121
|2 1981
|
| 080 |
|
|
|a 328.1(437.6)
|2 1981
|
| 100 |
1 |
|
|a Beisetzer, Ladislav,
|d 1921-1989
|4 aut
|9 37255
|
| 245 |
1 |
0 |
|a O novej budove Slovenskej národnej rady
|c Ladislav Beisetzer
|
| 300 |
|
|
|b Obr. 4. Sch. 1. Res. rus., nem., angl., franc.
|
| 610 |
1 |
7 |
|a Slovensko (Československo).
|b Slovenská národná rada
|2 snkbucl
|9 34638
|
| 655 |
|
7 |
|a články z novín a časopisov
|2 snkbucl
|9 267496
|
| 773 |
0 |
|
|t Projekt
|g Roč. 29, č. 10 (1987), s. 37-39
|
| 850 |
|
|
|a Slovenská národná knižnica v Martine
|a MTA001
|
| 852 |
|
|
|a SNK
|b KIS3GCP
|
| 954 |
|
|
|a odborná, vedecká literatúra pôvodná (slovenská)
|2 lita
|
| 957 |
|
|
|a 5100
|
| 958 |
|
|
|a OND
|
| 958 |
|
|
|a RK
|
| 958 |
|
|
|a EUIPO
|
| 958 |
|
|
|a article19
|
| 992 |
|
|
|a RBX
|
| 999 |
|
|
|c 2595102
|d 2597032
|